[Event "CAN-ch U14"]
[White "Ju, Terrence"]
[Black "Huang, Ken"]
[Site "Windsor"]
[Round "4.30"]
[Result "1/2-1/2"]
[Date "2015.07.08"]
[WhiteElo "1693"]
[BlackElo "1435"]
[PlyCount "65"]
[EventDate "2015.07.06"]
[EventType "swiss"]
[EventRounds "7"]
[EventCountry "CAN"]
[SourceTitle "EXT 2022"]
[Source "ChessBase"]
[SourceDate "2021.10.06"]
[SourceVersion "1"]
[SourceVersionDate "2021.10.06"]
[SourceQuality "1"]

1. d4 d5 2. Nf3 Nc6 3. c4 e6 4. Nc3 Nf6 5. Bg5 Be7 6. e3 h6 7. Bxf6 Bxf6 8. Be2 Ne7 9. 0-0 c6 10. b4 Qc7 11. Qb3 Bd7 12. Rfc1 Qd6 13. c5 Qc7 14. a4 Nf5 15. b5 g5 16. Qb4 g4 17. Ne5 Bxe5 18. dxe5 Qxe5 19. Bxg4 h5 20. Bh3 Rg8 21. e4 Nh4 22. Kh1 Qf4 23. Rg1 0-0-0 24. bxc6 Bxc6 25. Nb5 Kb8 26. Nd4 Ka8 27. e5 Qg5 28. a5 Rb8 29. Nb5 Bxb5 30. Qxb5 a6 31. Qb6 Rgc8 32. Rgc1 Rc6 33. Qb2 1/2-1/2

[Event "CAN-ch U14"]
[White "Ju, Terrence"]
[Black "Zhao, Harry"]
[Site "Windsor"]
[Round "2.26"]
[Result "0-1"]
[Date "2015.07.07"]
[WhiteElo "1693"]
[BlackElo "2010"]
[PlyCount "44"]
[EventDate "2015.07.06"]
[EventType "swiss"]
[EventRounds "7"]
[EventCountry "CAN"]
[SourceTitle "EXT 2022"]
[Source "ChessBase"]
[SourceDate "2021.10.06"]
[SourceVersion "1"]
[SourceVersionDate "2021.10.06"]
[SourceQuality "1"]

1. d4 d5 2. c4 c6 3. Nc3 Nf6 4. Nf3 e6 5. cxd5 exd5 6. Bg5 Be7 7. e3 Bf5 8. Nh4 Bg4 9. Nf3 Nbd7 10. Bd3 Ne4 11. Bxe7 Qxe7 12. 0-0 0-0 13. Rc1 f5 14. Qc2 Bxf3 15. gxf3 Ng5 16. f4 Nf3+ 17. Kg2 Nh4+ 18. Kh1 Rf6 19. Rg1 Rh6 20. Bxf5 Nf3 21. Rg2 Qh4 22. Be6+ Kh8 0-1

[Event "Outaouais op U1900"]
[White "Kearnan, Dan"]
[Black "Ju, Terrence"]
[Site "Gatineau"]
[Round "1"]
[Result "1-0"]
[Date "2015.06.05"]
[WhiteElo "1793"]
[BlackElo "1705"]
[PlyCount "85"]
[EventDate "2015.06.05"]
[EventType "swiss"]
[EventRounds "5"]
[EventCountry "CAN"]
[SourceTitle "EXT 2019"]
[Source "ChessBase"]
[SourceDate "2018.10.10"]
[SourceVersion "1"]
[SourceVersionDate "2018.10.10"]
[SourceQuality "1"]

1. d4 Nf6 2. c4 g6 3. g3 Bg7 4. Bg2 d6 5. Nf3 Nbd7 6. 0-0 0-0 7. Nc3 c5 8. e4 cxd4 9. Nxd4 Ne5 10. b3 Bd7 11. h3 Rc8 12. Be3 a6 13. Rc1 Rc7 14. f4 Nc6 15. Nxc6 Rxc6 16. e5 dxe5 17. fxe5 Re6 18. exf6 Rxe3 19. fxg7 Re8 20. Kh2 Qc8 21. Nd5 Re6 22. Qd4 Qb8 23. Qf4 Qxf4 24. Rxf4 Re2 25. Rcf1 f5 26. R4f2 Re5 27. g4 Kxg7 28. gxf5 Bxf5 29. Nf4 Rb8 30. Re2 Rxe2 31. Nxe2 Rd8 32. Ng3 Bc8 33. Ne4 b5 34. c5 Bb7 35. Nf2 Bxg2 36. Kxg2 Rd2 37. Rc1 Rd7 38. c6 Rc7 39. Nd3 Kf7 40. Nb4 a5 41. Nd5 Rc8 42. c7 e6 43. Nb6 1-0

[Event "Gatineau Outaouais op U1900"]
[White "Jobin, Gilles G"]
[Black "Ju, Terrence"]
[Site "Gatineau"]
[Round "4"]
[Result "0-1"]
[Date "2014.06.??"]
[WhiteElo "1703"]
[BlackElo "1524"]
[PlyCount "30"]
[EventDate "2014.06.??"]
[EventType "swiss"]
[EventRounds "5"]
[EventCountry "CAN"]
[SourceTitle "EXT 2022"]
[Source "ChessBase"]
[SourceDate "2021.10.06"]
[SourceVersion "1"]
[SourceVersionDate "2021.10.06"]
[SourceQuality "1"]

1. d4 Nf6 2. Nf3 g6 3. Nc3 Bg7 4. e4 d6 5. Be3 Nbd7 6. Bc4 0-0 7. Qd2 Ng4 8. h3 Nxe3 9. Qxe3 c5 10. Ne2 cxd4 11. Qa3 Qb6 12. Rb1 Nc5 13. Nexd4 Nxe4 14. Bd3 d5 15. c3 e5 0-1

[Event "Toronto NAYCC U12"]
[White "Corvera Choi, Malik"]
[Black "Ju, Terrence"]
[Site "Toronto"]
[Round "6"]
[Result "1-0"]
[Date "2013.08.17"]
[WhiteElo "1539"]
[BlackElo "1388"]
[PlyCount "75"]
[EventDate "2013.08.14"]
[EventType "swiss"]
[EventRounds "9"]
[EventCountry "CAN"]
[SourceTitle "EXT 2022"]
[Source "ChessBase"]
[SourceDate "2021.10.06"]
[SourceVersion "1"]
[SourceVersionDate "2021.10.06"]
[SourceQuality "1"]

1. c4 e5 2. Nc3 Nf6 3. Nf3 Nc6 4. g3 Bc5 5. Bg2 d6 6. 0-0 Be6 7. d3 h6 8. a3 0-0 9. Rb1 Qd7 10. b4 Bb6 11. Bd2 Bh3 12. Na4 Rfe8 13. e4 Bg4 14. Be3 Bd4 15. b5 Na5 16. Bxd4 exd4 17. Qd2 b6 18. Nxd4 Rad8 19. f3 Bh5 20. Nc3 Nb7 21. Nc6 Ra8 22. a4 Na5 23. Nxa5 bxa5 24. Nd5 Nh7 25. Qxa5 Rec8 26. Qc3 Rf8 27. a5 a6 28. b6 c6 29. Nc7 Rab8 30. Nxa6 Rb7 31. c5 d5 32. exd5 Qxd5 33. Nb4 Qg5 34. d4 f5 35. f4 Qf6 36. Nxc6 Rd7 37. Ne5 Rdd8 38. a6 1-0

[Event "CAN-ch U12"]
[White "Ju, Terrence"]
[Black "Yie, Kevin Yi Xiao"]
[Site "Ottawa"]
[Round "5"]
[Result "0-1"]
[Date "2013.07.12"]
[WhiteElo "1374"]
[BlackElo "1577"]
[PlyCount "74"]
[EventDate "2013.07.10"]
[EventType "swiss"]
[EventRounds "6"]
[EventCountry "CAN"]
[SourceTitle "EXT 2022"]
[Source "ChessBase"]
[SourceDate "2021.10.06"]
[SourceVersion "1"]
[SourceVersionDate "2021.10.06"]
[SourceQuality "1"]

1. d4 d5 2. c4 c6 3. Nf3 e6 4. Nc3 Bd6 5. e4 dxe4 6. Nxe4 Be7 7. Be2 Nf6 8. Nxf6+ Bxf6 9. 0-0 0-0 10. Be3 Re8 11. Qb3 Qb6 12. Qc2 Qc7 13. Bd3 g6 14. Rac1 Bg7 15. Qd2 Qd8 16. Bh6 Bh8 17. Bb1 Nd7 18. Qf4 Qf6 19. Qg3 Qd8 20. Nh4 Nf8 21. Rcd1 Bf6 22. Nf3 Bg7 23. Qf4 Qf6 24. Qc1 Bxh6 25. Qxh6 Qg7 26. Qh4 Bd7 27. Ne5 Rad8 28. Rd3 Bc8 29. Rf3 f5 30. Rg3 Nd7 31. Rh3 Nxe5 32. dxe5 Rd7 33. f4 Red8 34. Rhf3 Rd2 35. R3f2 Qd7 36. Rxd2 Qxd2 37. Rf2 Qe1+ 0-1

[Event "CAN-ch U12"]
[White "Ju, Terrence"]
[Black "Xu, Jeffrey"]
[Site "Vancouver"]
[Round "5"]
[Result "0-1"]
[Date "2012.07.05"]
[WhiteElo "1268"]
[BlackElo "1832"]
[PlyCount "126"]
[EventDate "2012.07.03"]
[EventType "swiss"]
[EventRounds "7"]
[EventCountry "CAN"]
[SourceTitle "EXT 2022"]
[Source "ChessBase"]
[SourceDate "2021.10.06"]
[SourceVersion "1"]
[SourceVersionDate "2021.10.06"]
[SourceQuality "1"]

1. d4 e6 2. c4 Nf6 3. Nc3 Bb4 4. Bg5 h6 5. Bxf6 Qxf6 6. a3 Bxc3+ 7. bxc3 b6 8. Nf3 Bb7 9. e3 d6 10. Be2 Nd7 11. 0-0 0-0 12. Rb1 Rae8 13. Qa4 Be4 14. Qxd7 Bxb1 15. Rxb1 Qe7 16. Qa4 c5 17. Qc6 Rd8 18. Rd1 cxd4 19. cxd4 Rd7 20. g3 Qd8 21. Qe4 Rc7 22. Bd3 g6 23. Qh4 Qxh4 24. Nxh4 d5 25. Rc1 Rfc8 26. Nf3 dxc4 27. Be2 f6 28. Nd2 b5 29. a4 c3 30. Ne4 b4 31. Nxf6+ Kf7 32. Ne4 Ke7 33. Nc5 a5 34. Bg4 Rc6 35. Nb3 Ra8 36. Bf3 Raa6 37. Bxc6 Rxc6 38. Nxa5 Ra6 39. Nc4 Rxa4 40. Nb6 Ra3 41. Nc4 Ra6 42. e4 Rc6 43. Ne3 b3 44. Nc2 Ra6 45. Kf1 Ra2 46. Nb4 Ra4 47. Nc2 bxc2 48. Rxc2 Rxd4 49. Rxc3 Rxe4 50. Rc7+ Kf6 51. Kg2 g5 52. Rc8 Re5 53. Rf8+ Kg7 54. Rf3 Kg6 55. Re3 Rxe3 56. fxe3 Kf5 57. h3 h5 58. h4 g4 59. Kf2 Ke4 60. Ke2 e5 61. Kd2 Kf3 62. Kd3 Kxg3 63. Ke4 Kf2 0-1

[Event "CAN-ch U12"]
[White "Cao, Jason"]
[Black "Ju, Terrence"]
[Site "Vancouver"]
[Round "2"]
[Result "1-0"]
[Date "2012.07.03"]
[WhiteElo "2031"]
[BlackElo "1268"]
[PlyCount "49"]
[EventDate "2012.07.03"]
[EventType "swiss"]
[EventRounds "7"]
[EventCountry "CAN"]
[SourceTitle "EXT 2022"]
[Source "ChessBase"]
[SourceDate "2021.10.06"]
[SourceVersion "1"]
[SourceVersionDate "2021.10.06"]
[SourceQuality "1"]

1. e4 c5 2. Nf3 d6 3. d4 cxd4 4. Nxd4 Nf6 5. Nc3 g6 6. Be3 Bg7 7. f3 0-0 8. Qd2 Nc6 9. Bc4 Bd7 10. Bb3 Na5 11. h4 Nxb3 12. axb3 h5 13. Bh6 Qb6 14. Bxg7 Kxg7 15. 0-0-0 a5 16. Qg5 a4 17. bxa4 Bxa4 18. Nf5+ Kg8 19. Nxe7+ Kg7 20. Nf5+ Kg8 21. Qxf6 gxf5 22. Nd5 Qc5 23. Qg5+ Kh8 24. Qh6+ Kg8 25. Nf6# 1-0

[Event "North American-ch U10"]
[White "Satir, Ege Nur"]
[Black "Ju, Terrence"]
[Site "Montreal"]
[Round "7"]
[Result "1/2-1/2"]
[Date "2010.08.19"]
[WhiteElo "1108"]
[BlackElo "940"]
[PlyCount "50"]
[EventDate "2010.08.16"]
[EventType "swiss"]
[EventRounds "7"]
[EventCountry "CAN"]
[SourceTitle "EXT 2013"]
[Source "ChessBase"]
[SourceDate "2012.11.22"]
[SourceVersion "1"]
[SourceVersionDate "2012.11.22"]
[SourceQuality "1"]

1. e4 c5 2. Nf3 d6 3. Bc4 Nf6 4. Nc3 e6 5. a3 g6 6. Bd3 Bg7 7. 0-0 0-0 8. b3 Nc6 9. Bb2 b6 10. Re1 Ng4 11. h3 Nh6 12. Rb1 Bb7 13. Qc1 Nd4 14. Nxd4 Bxd4 15. Ne2 Bxb2 16. Qxb2 Qg5 17. Rbd1 d5 18. Ng3 Rfd8 19. exd5 Bxd5 20. Be4 Nf5 21. Bxd5 Rxd5 22. Nxf5 gxf5 23. Qc3 Rad8 24. d3 h5 25. b4 f4 1/2-1/2

[Event "North American-ch U10"]
[White "Ju, Terrence"]
[Black "Vachon, Charles Olivier"]
[Site "Montreal"]
[Round "6"]
[Result "1-0"]
[Date "2010.08.18"]
[WhiteElo "940"]
[BlackElo "722"]
[PlyCount "79"]
[EventDate "2010.08.16"]
[EventType "swiss"]
[EventRounds "7"]
[EventCountry "CAN"]
[SourceTitle "EXT 2013"]
[Source "ChessBase"]
[SourceDate "2012.11.22"]
[SourceVersion "1"]
[SourceVersionDate "2012.11.22"]
[SourceQuality "1"]

1. d4 e6 2. c4 d6 3. Nc3 Be7 4. e4 Nf6 5. Nf3 0-0 6. Be2 Bd7 7. 0-0 Nc6 8. a3 e5 9. d5 Nb8 10. Bg5 h6 11. Bxf6 Bxf6 12. Rc1 c6 13. Qb3 b6 14. dxc6 Bxc6 15. Rfd1 Bg5 16. Nxg5 Qxg5 17. Rc2 Bd7 18. Rxd6 Bh3 19. Bf1 Nd7 20. Kh1 Bg4 21. h3 Be6 22. Rcd2 Rad8 23. Na4 Rfe8 24. c5 bxc5 25. Nxc5 Nxc5 26. Rxd8 Rxd8 27. Rxd8+ Kh7 28. Bb5 Nxe4 29. Qd3 Bf5 30. Kg1 Qf4 31. f3 a5 32. fxe4 Bxe4 33. Qxe4+ Qxe4 34. Bd3 f5 35. Bxe4 fxe4 36. Re8 Kg6 37. Rxe5 Kf6 38. Rxe4 Kf5 39. Rc4 Ke5 40. Rc5+ 1-0